000 01004nam a22003017a 4500
001 BR8800251
003 BR-BrBNA
005 20230928092822.0
007 ta
008 230509b bl.||||| |||| 00| 0 por d
040 _aBR-BrBNA
_bpor
_cBiblioteca Nacional de Agricultura
041 _a(Por)
072 _aP34; F08
_b1410
_b0120
090 _ 1410 BR8800251
100 1 _aGallotti, G.J.M.
110 1 _aUniversidade Federal de Vicosa, MG (Brasil)
_0Tese (Magister Scientiae)
245 1 _aEfeitos de micorriza vesiculo-arbuscular sobre o feijao e milho, em cultivo consorciado
260 3 _aVicosa, MG (Brasil):
_c1988.
300 _a86 p.
500 _a13 illus.; 16 tables; Bibliography p. 73-81 (83 ref.); Summary (Por). (*) Documento disponível na(o) Universidade Federal de Vicosa, MG (Brazil)
650 _aFEIJAO
650 _aMILHO
650 _aMICORRIZA
650 _aMONOCULTURA
650 _aCONSORCIACAO DE CULTURA
909 _a202309
_bLucia
_c55
_dLucia Elande
942 _cBK
999 _c41381
_d41381